000 00312nam a2200133 i 4500
001 bg
100 1 _aRITTEL, S.
245 0 _aEwolucja struktur samorządu w przemyśle /
_cS.Rittel.
260 _aKraków,
_c1988.
040 _cBPK
041 _apol
942 _cKS
008 s pl f |000 0 pol
999 _c28715
_d28715
856 _uhttp://koha.tu.koszalin.pl/cgi-bin/koha/opac-detail.pl?biblionumber=28715
_yKatalog online BPK